000 00405nam a2200145Ia 4500
008 170725s9999 xx 000 0 und d
100 _aMike Papadakis
245 _aSpecial issue on Mutation Testing
245 _cMike Papadakis, René Just
260 _c2017
300 _apages 42737, January
440 _aInformation and software technology
_v81:
500 _aCJ0030
650 _aMutation Testing
999 _c340877
_d340877